[Event "Qazvin op (Women) 18th"]
[Site "Qazvin"]
[Date "2015.08.15"]
[Round "3"]
[White "Naghavi, Atefeh"]
[Black "Mobarhani, Nazanin"]
[Result "0-1"]
[WhiteElo "1523"]
[BlackElo "1850"]
[PlyCount "58"]
[EventDate "2015.08.14"]
[EventType "swiss"]
[EventRounds "11"]
[EventCountry "IRI"]
[SourceTitle "EXT 2016"]
[Source "ChessBase"]
[SourceDate "2015.10.08"]
[SourceVersion "1"]
[SourceVersionDate "2015.10.08"]
[SourceQuality "1"]

1. d4 d5 2. Nf3 Nf6 3. c4 c6 4. Nc3 dxc4 5. e3 b5 6. a4 b4 7. Na2 e6 8. Bxc4 Be7 9. Bd2 a5 10. Nc1 Nbd7 11. Nd3 0-0 12. 0-0 Bb7 13. Nfe5 c5 14. Nxd7 Nxd7 15. dxc5 Nxc5 16. Nxc5 Bxc5 17. Re1 Bd6 18. Bb5 Be5 19. Bc1 Qh4 20. h3 Rfd8 21. Qe2 Qe4 22. f4 Bf6 23. Rf1 Qg6 24. Re1 Bh4 25. Rf1 Rac8 26. Qg4 Rc2 27. Rf3 Qxg4 28. hxg4 Rd1+ 29. Bf1 Bxf3 0-1